000 00855nam a22001937a 4500
003 BD-ChCU
005 20240114143223.0
008 240114b bg ||||| |||| 00| 0 ben d
020 _a9789849047872
040 _cBD-ChCU
082 _222
_a১৭১.২ আলী ৪৫ প
100 _aআলী, মো: কোরবান
_93978
245 _aপরানীতিবিদ্যায় নৈতিক প্রকৃতিবাদ :
_bস্বরুপ ও বিকাশ /
_cমো: কোরবান আলী
260 _aচট্টগ্রাম :
_bমনন প্রকাশন,
_cc২০২১
300 _a১৮৪পৃ. :
_c22 cm.
504 _aincludes bibliographical references and index
650 0 _aদর্শন - নৈতিক প্রকৃতিবাদ দর্শন
_93979
942 _2ddc
_cBK
_n0
999 _c103550
_d103550